000 00801cam a22002653a 4500
001 11720
003 PGUSA
005 20140828083240.0
008 040301s2004||||xxu|||||s|||||000 1 eng d
040 _aPGUSA
_beng
042 _adc
050 4 _aPR
100 1 _aBraddon, M. E.
_q(Mary Elizabeth),
_d1835-1915
245 1 0 _aFenton's Quest
_h[electronic resource] /
_cM. E. Braddon
260 _bProject Gutenberg,
_c2004
506 _aPublic domain in the USA.
516 _aElectronic text
653 _aUnrequited love -- Fiction
653 _aEngland -- Social life and customs -- 19th century -- Fiction
653 _aCourtship -- Fiction
653 _aSocial classes -- Fiction
830 0 _aProject Gutenberg
_v11720
856 4 0 _uhttp://www.gutenberg.org/ebooks/11720
942 _cEB
999 _c240975
_d240975